| 000 | 00365nam a22001457a 4500 | ||
|---|---|---|---|
| 003 | MACL | ||
| 005 | 20190828163727.0 | ||
| 008 | 190828b xxu||||| |||| 00| 0 eng d | ||
| 040 | _cMACL | ||
| 100 |
_aMishra,Dr. Saroj _976439 |
||
| 245 | _aWomen Empowerment of India | ||
| 260 |
_aNew Delhi _bSharma & com. _c2017 |
||
| 650 |
_aWomen Power _917608 |
||
| 942 |
_2ddc _cBK |
||
| 999 |
_c60868 _d60868 |
||